Catálogo
 En Linea

El huracan rojo y un mundo que despierta / (Registro nro. 38141)

Detalles MARC
000 -CABECERA
campo de control de longitud fija 00398nam a2200133 a 4500
001 - NÚMERO DE CONTROL
campo de control 000038651
005 - FECHA Y HORA DE LA ÚLTIMA TRANSACCIÓN
campo de control 20201002031326.0
008 - DATOS DE LONGITUD FIJA--INFORMACIÓN GENERAL
campo de control de longitud fija 130417s1947 dr 000 0 spa d
040 ## - FUENTE DE LA CATALOGACIÓN
Centro catalogador/agencia de origen DO-SdBNP
Lengua de catalogación spa
Centro/agencia transcriptor BNPHU
100 1# - ENTRADA PRINCIPAL--NOMBRE DE PERSONA
Nombre de persona Atuesta, Gustavo
9 (RLIN) 64982
245 13 - MENCIÓN DE TÍTULO
Título El huracan rojo y un mundo que despierta /
Mención de responsabilidad, etc. Gustavo Atuesta.
260 ## - PUBLICACIÓN, DISTRIBUCIÓN, ETC.
Fecha de publicación, distribución, etc. [Santo Domingo] :
Nombre del editor, distribuidor, etc. Cahur ,
Fecha de publicación, distribución, etc. 1947.
300 ## - DESCRIPCIÓN FÍSICA
Extensión 188 p. : ;
Dimensiones 24 cm.
Existencias
Estado de retiro Estado de pérdida No para préstamo Código de colección Localización permanente Ubicación/localización actual Ubicación en estantería Fecha de adquisición Número de inventario Total de préstamos Signatura topográfica completa Código de barras Fecha visto por última vez Precio válido a partir de Tipo de ítem Koha
    Excluido de préstamo Patrimonio Dominicano General General En catalogación 17.04.2013 LF1   38651-10 25.06.2020 25.06.2020 Libro y Folleto Colección Patrimonio Dominicano

Con tecnología Koha